000 00775nam a2200181 i 4500
001 41417
003 ES-MaACL
005 20230906160428.0
007 t|
008 030310s1947 sp ||||1| spa d
100 1 _aCasajús y Gómez del Moral, Roberto.
_936042
245 1 0 _aDiscurso leído en la solemne inauguración del curso académico de 1880 a 1881 en la Universidad Literaria de Zaragoza
_b: Tema : El derecho de familia en la legislación aragonesa /
_cpor Roberto Casajús y Gómez del Moral ; prólogo Juan Moneva y Puyol.
260 _aZaragoza :
_bLibrería General,
_c1947.
300 _a115 p. ;
_c28 cm.
700 1 _aMoneva y Puyol, Juan.
_982179
740 3 _aEl derecho de familia en la legislación aragonesa.
852 _aES-MaACL
_j1879-F-11
_bR.25509
999 _c41417
_d41417